El niño que perdió la guerra / (Record no. 196340)

MARC details
000 -LEADER
campo de control de longitud fija 03205nam a2200349 i 4500
001 - NÚMERO DE CONTROL
campo de control 196340
003 - IDENTIFICADOR DE NÚMERO DE CONTROL
campo de control ES-GrU
005 - FECHA Y HORA DE LA ÚLTIMA TRANSACCIÓN
campo de control 20250804062712.0
007 - CAMPO FIJO DE DESCRIPCIÓN FÍSICA--INFORMACIÓN GENERAL
campo de control de longitud fija ta
008 - DATOS DE LONGITUD FIJA--INFORMACIÓN GENERAL
campo de control de longitud fija 240913s2024 sp g 000pf spa d
017 ## - NÚMERO DE COPYRIGHT O DE DEPÓSITO LEGAL
Número de copyright o de depósito legal B 10353-2024
Agencia que asigna Oficina Depósito Legal Barcelona
020 ## - NÚMERO INTERNACIONAL ESTÁNDAR DEL LIBRO
Número Internacional Estándar del Libro 9788401027970
040 ## - FUENTE DE CATALOGACIÓN
Centro catalogador/agencia de origen UGR
Normas de descripción rda
Lengua de catalogación spa
Centro/agencia transcriptor ES-MaACL
080 ## - NÚMERO DE LA CLASIFICACIÓN DECIMAL UNIVERSAL
Número de la Clasificación Decimal Universal 821.134.2-31"20"
100 1# - ENTRADA PRINCIPAL--NOMBRE DE PERSONA
Nombre de persona Navarro Coll, Julia,
9 (RLIN) 238749
Término indicativo de función/relación Autor
245 13 - MENCIÓN DEL TÍTULO
Título El niño que perdió la guerra /
Mención de responsabilidad, etc. Julia Navarro
250 ## - MENCION DE EDICION
Mención de edición Primera edición: septiembre de 2024
264 #1 - PRODUCCIÓN, PUBLICACIÓN, DISTRIBUCIÓN, FABRICACIÓN Y COPYRIGHT
Producción, publicación, distribución, fabricación y copyright Barcelona :
Nombre del de productor, editor, distribuidor, fabricante Plaza y Janés,
Fecha de producción, publicación, distribución, fabricación o copyright 2024
264 #4 - PRODUCCIÓN, PUBLICACIÓN, DISTRIBUCIÓN, FABRICACIÓN Y COPYRIGHT
Fecha de producción, publicación, distribución, fabricación o copyright ©2024
300 ## - DESCRIPCIÓN FÍSICA
Extensión 640 páginas ;
Dimensiones 24 cm
336 ## - TIPO DE CONTENIDO
Término de tipo de contenido texto
Código de tipo de contenido txt
Fuente rdacontent
337 ## - TIPO DE MEDIO
Nombre/término del tipo de medio sin mediación
Código del tipo de medio n
Fuente rdamedia
338 ## - TIPO DE SOPORTE
Nombre/término del tipo de soporte volumen
Código del tipo de soporte nc
Fuente rdacarrier
520 3# - RESUMEN, ETC.
Sumario, etc. Sinopsis: Un niño. Dos países. Dos ideologías.Una emocionante y ambiciosa novela sobre la identidad y el poder arrollador de la cultura que nos muestra que, incluso en los rincones más oscuros de la Historia, la vida se abre paso.Madrid, invierno de 1938Clotilde, una artista gráfica que dibuja caricaturas para los diarios republicanos, asiste en Madrid a los últimos meses de la Guerra Civil. La caída de la República es inminente, por lo que su marido, militante comunista que trabaja para los rusos, decide enviar a Moscú a su hijo Pablo, de tan solo cinco años, en contra de su voluntad. Clotilde se resiste con todas sus fuerzas, pero no logra evitar que el comandante Borís Petrov emprenda ese arriesgado viaje por una España en llamas para cumplir con el deseo de su camarada de llevar a Pablo a la Unión Soviética, donde Stalin está levantando un nuevo país sobre las ruinas del antiguo régimen.Moscú, primavera de 1939Allí es recibido por su nueva familia que, conmovida por su trágico exilio, acoge con afecto a un niño exhausto y enfermo. Anya no duda en cuidar de Pablo como si fuese su propio hijo, sin hacer distinciones con Igor, su hermano de adopción. Hija y esposa de dos orgullosos héroes de la Revolución -su padre luchó junto a Lenin, su marido a las órdenes de Stalin-, Anya ama la poesía y la música, aficiones sospechosas y burguesas a los ojos del poder. Mientras sus ilusiones naufragan en el ambiente cada vez más opresivo del terror estalinista, su espíritu se rebela contra la injusticia, la miseria, la ausencia de libertad y el Gulag.Pablo crece entre el recuerdo cada vez más tenue de su madre, que no ceja en su empeño por recuperarlo, y el cariño de Anya, quien le transmite su amor por la música, la literatura y sus deseos de libertad. Dos mujeres unidas por el destino de un niño y enfrentadas al mismo espejo: el de las ideologías totalitarias a las que sucumbió el siglo xx.Se puede perder una guerra, pero se puede ganar la libertad
Fuente (Fuente:casadellibro.com)
655 #0 - TERMINO DE INDIZACIÓN--GENERO/FORMA
Datos o término principal de género/forma Novelas
9 (RLIN) 234319
852 ## - LOCALIZACIÓN
Ubicación ES-MaACL
Ubicación en estantería Depósito J
Número de control de estantería N-10131
Encuadernación Encuadernación cartoné con sobrecubierta
Donativo/Legado Donación: Editorial
itemnumber 206264
942 ## - ELEMENTOS DE ENTRADA SECUNDARIOS (KOHA)
Tipo de ítem Koha Libro impreso
Suprimir en OPAC No
Holdings
Estatus retirado Estado de pérdida Fuente del sistema de clasificación o colocación Estado de daño No para préstamo Biblioteca de origen Biblioteca actual Ubicación en estantería Fecha de adquisición Fuente de adquisición Total de préstamos Signatura topográfica completa Código de barras Visto por última vez Precio de reemplazo Tipo de ítem Koha
    Clasificación decimal universal     Biblioteca del Ateneo de Madrid Biblioteca del Ateneo de Madrid Depósito J 19/07/2025 Donación   N-10131 2025-0649 19/07/2025 19/07/2025 Libro impreso